| 000 | 00000nam##2200000za#4500 |
| 001 | 9.572868 |
| 003 | CaOODSP |
| 005 | 20210624183427 |
| 007 | cr ||||||||||| |
| 008 | 150406|2010||||xxc|||||o f|0| 0 eng|d |
| 040 | |aCaOODSP|beng |
| 043 | |an-cn--- |
| 086 | 1 |aH113-3/2010-5E-PDF |
| 110 | 1 |aCanada. |bPest Management Regulatory Agency. |
| 245 | 10|aRevisions to the residue chemistry crop field trial requirements |h[electronic resource] |
| 260 | |aOttawa - Ontario : |bHealth Canada. |c21 December 2010. |
| 300 | |a19p.|bcoloured map, tables |
| 490 | 1 |aRegulatory directive |vDIR2010-05 |
| 590 | |a12-30-Supp|b2012-06-28 |
| 775 | 08|tRévisions apportées aux exigences en matière d'essais sur les résidus chimiques dans des cultures au champ |w(CaOODSP)9.603118 |
| 830 | #0|aRegulatory directive ;|vDIR2010-05|w(CaOODSP)9.504458 |
| 856 | 40|ahttp://publications.gc.ca|qPDF|s255 KB|uhttps://publications.gc.ca/collections/collection_2012/sc-hc/H113-3-2010-5-eng.pdf|yDIR2010-05 |